| 000 | 006200000a22001810004500 | ||
|---|---|---|---|
| 003 | MACL | ||
| 005 | 20160603162709.0 | ||
| 008 | 160603b xxu||||| |||| 00| 0 eng d | ||
| 040 |
_aMACL _cMACL |
||
| 041 | _aHindi | ||
| 082 | _a920 | ||
| 100 |
_aचौहान, दिनेश सिंह _961909 |
||
| 245 |
_aराष्ट्रपिता महात्मा गॉधी _cदिनेश सिंह चौहान |
||
| 260 |
_bचम्बल बुक एजेन्सी _c2010 _aदिल्ली |
||
| 350 | _a125 | ||
| 650 |
_aBiography _962219 |
||
| 942 |
_cHIN _k920/CHA _2ddc |
||
| 999 |
_c45137 _d45137 |
||